000 00507nam a2200133Ia 4500
008 171212s9999 xx 000 0 und d
020 _a9780874212389
100 _aYancey, Kathleen
245 _cYancey, Kathleen
_aReflection In The Writing Classroom
260 _bUniversity Press of Colorado
_c1998
650 _aEducation
650 _aEnglish language -- Rhetoric -- Study and teaching; Report writing -- Study and teaching; Reflection (Philosophy)
856 _uwww.jstor.org/stable/10.2307/j.ctt46nsh0
999 _c353161
_d353161